000 00538nam a2200205Ia 4500
005 20241129111422.0
008 241129s9999||||xx |||||||||||||| ||und||
037 _aTB
040 _aCRL
_beng
_cCRL
041 _aurd
_2urd
084 _aO168,3NIQ,GR R2
_qCRL
100 _aIqbal Tahira Au.
245 0 _aGraan
_cIqbal Tahira Au.
260 _aLucknow, India
_bMatterlink
_c2021
300 _a272p.
365 _aINR
_b500
650 _aUrdu Fiction
_93298
942 _cTB
_hO168,3NIQ,GR R2
999 _c1230380
_d1230380